| 000 | 01080nac a22003497a 4500 | ||
|---|---|---|---|
| 001 | BR9700041 | ||
| 003 | BR-BrBNA | ||
| 005 | 20240105121842.0 | ||
| 008 | 230509b bl.|||m| |||| 00| 0 por d | ||
| 040 |
_aBR-BrBNA _bpor _cBiblioteca Nacional de Agricultura |
||
| 072 | _aP33 | ||
| 090 | _aP33 BR9700041 | ||
| 110 | 1 |
_aInstituto Agronomico do Parana, Curitiba (Brasil) _95629 |
|
| 245 | 1 | _aAmostragem de solo para analise quimica plantio direto e convencional, culturas perenes, varzeas pastagens e capineiras | |
| 260 | 3 |
_aCuritiba, PR (Brasil): _c1996. |
|
| 300 | _a28 p. | ||
| 490 |
_aCircular - Instituto Agronomico do Parana (Brazil) _vno. 90 _xISSN 0100-3356 |
||
| 500 | _a11 illus. | ||
| 650 | _aSolo | ||
| 650 | _aAnalise do Solo | ||
| 650 | _aAmostragem | ||
| 650 | _aAnalise Quimica | ||
| 650 | _aTextura do Solo | ||
| 650 | _aPorosidade | ||
| 650 | _aVarzea | ||
| 650 | _aCultivo do Solo | ||
| 650 | _aPlantio Direto | ||
| 650 | _aPastagem | ||
| 650 | _aCapineira | ||
| 909 |
_a202312 _bLúcia Elande _c55 _dLúcia Elande |
||
| 942 |
_2AGRIS _n0 _cMS |
||
| 999 |
_c287846 _d287846 |
||